Líneas delgadas /
Spremljeno u:
| Glavni autor: | |
|---|---|
| Format: | Knjiga |
| Jezik: | španjolski |
| Izdano: |
Guadalajara, México :
Edhalca,
2016, c2016
|
| Serija: | (Contemporáneos Edhalca ;
18) |
| Teme: | |
| Oznake: |
Bez oznaka, Budi prvi tko označuje ovaj zapis!
|
MARC
| LEADER | 00000nam^a2200000^a^4500 | ||
|---|---|---|---|
| 001 | 000393212 | ||
| 005 | 20250521000000.0 | ||
| 009 | 20260310121301.968 | ||
| 020 | |a 978-607-00-9178-0 | ||
| 037 | |a Acervo ITESO - Biblioteca | ||
| 041 | |a ESP | ||
| 082 | |a 861. |b RIO | ||
| 100 | |a Ríos, Diana |e (autor) | ||
| 245 | 1 | 0 | |a Líneas delgadas / |c D. Ríos ; pról. de Gustavo Silva. |
| 264 | 4 | |a Guadalajara, México : |b Edhalca, |c 2016, c2016 | |
| 300 | |a 78 p. | ||
| 336 | |a texto |b txt |2 rdacontenido | ||
| 337 | |a sin mediación |b n |2 rdamedio | ||
| 338 | |a volumen |b nc |2 rdasoporte | ||
| 440 | 1 | |a (Contemporáneos Edhalca ; |v 18) | |
| 521 | |a EEnlace Centro de Promoción Cultural 2016 | ||
| 649 | |a XX | ||
| 650 | |a Poesía Jalisciense | ||
| 650 | |a Poesía Mexicana | ||
| 650 | |a Literatura Jalisciense - |y Siglo XXI | ||
| 650 | |a Literatura Mexicana - |y Siglo XXI | ||
| 910 | |a Fondo General | ||
| 920 | |a Impresos - Libros | ||
| 930 | |a Colección General | ||
| 940 | |a Literatura | ||
| 905 | |a 101 | ||
| 901 | |a 0500288175 |b IT1 |c LIT |i C155073 |u 20250521 | ||
| 902 | |a https://opac.biblio.iteso.mx/vufind/Record/000393212 | ||